Les métiers et leurs saints patrons - Statistiques

Statistiques générales
  • Ce quiz a été pris 173 fois
  • Le résultat moyen est 8 sur 20
Statistiques - réponses
Métier Saint % Correct
ingénieurs - Irlandais Patrick
63%
amoureux Valentin
63%
pêcheurs Pierre
62%
voyageurs Christophe
60%
charpentiers Joseph
52%
montagnards Bernard
47%
médecins - peintres Luc
43%
parachutistes Michel
42%
vignerons Vincent
42%
chasseurs Hubert
41%
boulangers - pâtissiers Honoré
38%
coiffeurs Louis
38%
cavaliers Georges
36%
orfèvres - bijoutiers - horlogers Eloi
35%
écoliers - marins Nicolas
35%
avocats Yves
34%
policiers Martin
33%
banquiers - comptables - percepteurs Matthieu
28%
jardiniers - chauffeurs de taxi Fiacre
16%
mineurs Barnabe
8%
Aucun quiz correspondant
Distribution des résultats
% des personnes avec chaque résultat
Percentile par nombre de réponses
Votre historique - résultats
Vous n’avez pas pris ce quiz